000 01402nam a22002295i 4500
999 _c12417
_d12417
003 OSt
005 20240116162045.0
008 220805s2022 mau 000 0 eng
010 _a 2022944008
020 _a9783035603323
_q(paperback)
042 _apcc
082 _a720
_bLUD
100 1 _aLudwig, Ferdinand,
_eauthor.
245 1 0 _aGrowing architecture :
_bhow to design and build with trees /
_cFerdinand Ludwig, Daniel Schönle.
263 _a2211
300 _apages cm
520 _a"A growing, living house, a building made of a plant seems to be a contradiction in terms. Nevertheless, the Khasi in eastern India already knew how to connect the branches of rubber trees to form footbridges, and in southern Germany dance lime trees formed the centre of villages for centuries. Following on from this, the new discipline of Baubotanik is dedicated to designing with trees. Built projects, prototypes and visionary concepts point the way to a new green architecture. This introduction shows the possibilities of such living constructions and goes into the botanical growth laws that guide the design. The basics of constructing with trees are presented. The book encourages a whole new look at architecture that becomes part of urban nature"--
700 1 _aSchönle, Daniel,
_eauthor.
906 _a0
_bibc
_corignew
_d2
_eepcn
_f20
_gy-gencatlg
942 _2ddc